Name the country or territory or city in each letter - Statistics

General Stats
  • This quiz has been taken 56 times
  • The average score is 23 of 25
Answer Stats
Hint Territory % Correct
E-Some people callit Timor Leste East Timor
100%
I-The only Jewish country Israel
100%
J-Borders the country from I Jordan
100%
O-Only country that startswith that letter Oman
100%
P-Has the same language as Brazil Portugal
100%
Q-Hosted the 2022 World Cup Qatar
100%
H-The second biggest countryin Central America Honduras
98%
K-The only African country thatstarts with the letter K Kenya
98%
L-Borders Tunisia Libya
98%
R-Is a famous place tosee the gorillas Rwanda
98%
V-The Pope lives there Vatican City
98%
C-2nd biggest country in the world Canada
96%
D-Only borders Germany Denmark
96%
F-Napoleon is from there France
96%
U-Strongest military United States
96%
Y-Borders Oman andSaudi Arabia Yemen
96%
Z-Has mostly green in their flag Zambia
96%
G-British territory nextto Spain Gibraltar
94%
M-Lowest population density country Mongolia
92%
W-In the island of Great Britainnext to England Wales
92%
B-Capital of Slovakia Bratislava
90%
S-3rd biggest island in Indonesiaafter New Guinea and Borneo Sumatra
84%
N-Half Muslim half Christian Nigeria
67%
A-Territory in Georgia Abkhazia
55%
T-Turkey call it an independentcountry In the island of Cyprus Turkish Republicof Northern Cyprus
14%
No matching quizzes found
Score Distribution
Percent of People with Each Score
Percentile by Number Answered
Your Score History
You have not taken this quiz